| 000 | 00628cam a22002294a 4500 | ||
|---|---|---|---|
| 001 | 12651250 | ||
| 003 | OSt | ||
| 005 | 20260416055223.0 | ||
| 008 | 020122s2002 cou b 001 0 eng | ||
| 010 | _a 2002018874 | ||
| 020 |
_a1588260844 _qpbk |
||
| 040 | _c. | ||
| 082 | _a320.6 SHA | ||
| 100 | 1 | _aSharkansky, Ira. | |
| 245 | 1 | 0 |
_aPolitics and policymaking : _bin search of simplicity / _cIra Sharkansky. |
| 260 |
_aBoulder, Colo. : _bL. Rienner, _c2002. |
||
| 300 |
_ax, 211 p. ; _c24 cm. |
||
| 365 | _bRs. 2,947 | ||
| 650 | 0 | _aPolicy sciences. | |
| 650 | 0 |
_aPublic administration _xDecision making. |
|
| 942 |
_2ddc _cBK |
||
| 999 |
_c30565 _d30565 |
||